[Event "Szuperliga - GM Szabo Laszlo"]
[Site "Mako"]
[Date "2024.05.11"]
[Round "8.6"]
[White "Horvath, Zsolt"]
[Black "Balog, Imre"]
[Result "0-1"]
[WhiteElo "2385"]
[BlackElo "2622"]
[PlyCount "106"]
[EventDate "2023.10.28"]
[EventType "team-tourn"]
[EventRounds "9"]
[EventCountry "HUN"]
[Source "chess.hu"]
[WhiteTeam "Duocor-Makoi SVSE"]
[BlackTeam "Sentimento Ajka BSK"]
[WhiteTeamCountry "HUN"]
[BlackTeamCountry "HUN"]

1. d4 Nf6 2. Bf4 c5 3. d5 Qb6 4. Nc3 d6 5. a4 a6 6. a5 Qc7 7. e4 e6 8. Nf3 exd5
9. exd5 Be7 10. Be2 Nbd7 11. Nd2 b5 12. axb6 Nxb6 13. Nc4 Bb7 14. Ne3 O-O 15.
O-O Rfe8 16. Bf3 Bf8 17. Re1 g6 18. h3 Bg7 19. Ra2 Re7 20. Qc1 Rae8 21. Rd1
Nfd7 22. Bg5 f6 23. Bf4 f5 24. Na4 Nc8 25. c3 Na7 26. Nc4 Ne5 27. Bxe5 Bxe5 28.
Nxe5 Rxe5 29. Ra1 Nb5 30. Qd2 Bc8 31. b4 cxb4 32. cxb4 Bd7 33. Rac1 Qa7 34. Kh2
Nd4 35. Qxd4 Qxd4 36. Rxd4 Bxa4 37. Rc7 Bb5 38. Rd2 R5e7 39. Rdc2 Kf7 40. R7c3
Kf6 41. Rd2 h6 42. g3 Re1 43. Rcc2 Rf1 44. Kg2 Rfe1 45. Ra2 g5 46. Rac2 Kg6 47.
g4 f4 48. Ra2 Kf7 49. Rac2 Kf6 50. Rc3 Rb1 51. Rd4 Ree1 52. Rc2 Rh1 53. Be2
Rbg1+ 0-1

[Event "Szuperliga - GM Szabo Laszlo"]
[Site "Mako"]
[Date "2024.05.11"]
[Round "8.7"]
[White "Dudin, Gleb"]
[Black "Szalai, Kornel"]
[Result "0-1"]
[WhiteElo "2554"]
[BlackElo "2382"]
[PlyCount "50"]
[EventDate "2023.10.28"]
[EventType "team-tourn"]
[EventRounds "9"]
[EventCountry "HUN"]
[Source "chess.hu"]
[WhiteTeam "Sentimento Ajka BSK"]
[BlackTeam "Duocor-Makoi SVSE"]
[WhiteTeamCountry "HUN"]
[BlackTeamCountry "HUN"]

1. d4 Nf6 2. c4 d6 3. Nc3 g6 4. e4 Bg7 5. Nf3 O-O 6. Be2 Nc6 7. O-O e5 8. d5
Ne7 9. Ne1 Ne8 10. Nd3 f5 11. f3 f4 12. a4 g5 13. a5 a6 14. b4 h5 15. c5 Bd7
16. Ba3 Rf7 17. Nf2 Bf8 18. Kh1 Rg7 19. Rg1 Kh8 20. g3 Ng6 21. Bf1 Qf6 22. Bh3
g4 23. fxg4 fxg3 24. gxh5 gxf2 25. Rxg6 Bxh3 0-1

[Event "Szuperliga - GM Szabo Laszlo"]
[Site "Mako"]
[Date "2024.05.11"]
[Round "8.8"]
[White "Tatar Kis, Szabolcs"]
[Black "Korpa, Bence"]
[Result "1/2-1/2"]
[WhiteElo "2337"]
[BlackElo "2544"]
[PlyCount "82"]
[EventDate "2023.10.28"]
[EventType "team-tourn"]
[EventRounds "9"]
[EventCountry "HUN"]
[Source "chess.hu"]
[WhiteTeam "Duocor-Makoi SVSE"]
[BlackTeam "Sentimento Ajka BSK"]
[WhiteTeamCountry "HUN"]
[BlackTeamCountry "HUN"]

1. e4 e6 2. d4 d5 3. Nc3 Bb4 4. e5 c5 5. a3 Bxc3+ 6. bxc3 Nc6 7. Nf3 Nge7 8. a4
Qa5 9. Qd2 cxd4 10. cxd4 Qxd2+ 11. Bxd2 Nf5 12. Bc3 Bd7 13. Bd3 Rc8 14. Kd2 O-O
15. Rhe1 Rc7 16. g4 Nfe7 17. h4 f6 18. exf6 Rxf6 19. Re3 h5 20. gxh5 Nf5 21.
Bxf5 Rxf5 22. Rg1 Rxh5 23. a5 Rh6 24. Rg5 Ne7 25. Bb4 Nf5 26. Rc3 Rxc3 27. Kxc3
Be8 28. Bc5 a6 29. Rg1 Nxh4 30. Nxh4 Rxh4 31. Bd6 Rh3+ 32. Rg3 Rh1 33. Be5 g6
34. Kb4 Kf7 35. Bd6 Kf6 36. Rf3+ Kg5 37. Rf8 Bc6 38. f3 Rh7 39. Bf4+ Kh4 40.
Rg8 Kh5 41. Kc3 Bb5 1/2-1/2

[Event "Szuperliga - GM Szabo Laszlo"]
[Site "Mako"]
[Date "2024.05.11"]
[Round "8.9"]
[White "Pasti, Aron"]
[Black "Terbe, Julianna"]
[Result "1-0"]
[WhiteElo "2400"]
[BlackElo "2276"]
[PlyCount "91"]
[EventDate "2023.10.28"]
[EventType "team-tourn"]
[EventRounds "9"]
[EventCountry "HUN"]
[Source "chess.hu"]
[WhiteTeam "Sentimento Ajka BSK"]
[BlackTeam "Duocor-Makoi SVSE"]
[WhiteTeamCountry "HUN"]
[BlackTeamCountry "HUN"]

1. e4 e5 2. Nf3 Nc6 3. Bb5 a6 4. Ba4 Nf6 5. O-O b5 6. Bb3 Bc5 7. a4 Rb8 8. d3
d6 9. c3 O-O 10. Nbd2 h6 11. Re1 Re8 12. Nf1 b4 13. a5 bxc3 14. bxc3 d5 15. Ba4
Bd7 16. exd5 Nxd5 17. Qc2 Qf6 18. Be3 Nxe3 19. Nxe3 Qg6 20. Nd2 f5 21. Nb3 Bd6
22. d4 e4 23. Nc4 f4 24. f3 Re7 25. Rxe4 Rbe8 26. Nbd2 Bh3 27. Nf1 Rxe4 28.
Bxc6 R4e6 29. Qxg6 Rxg6 30. Bxe8 Rxg2+ 31. Kh1 Re2 32. Bc6 Be7 33. Bd5+ Kh7 34.
Be4+ Kg8 35. Rb1 g5 36. Nfd2 h5 37. Bd3 Rf2 38. Bf1 Bxf1 39. Rxf1 Re2 40. Kg1
Kg7 41. Rf2 Re1+ 42. Kg2 Kg6 43. h3 Kf5 44. Ne5 Rc1 45. Ne4 Bd6 46. Re2 1-0

[Event "Szuperliga - GM Szabo Laszlo"]
[Site "Mako"]
[Date "2024.05.11"]
[Round "8.10"]
[White "Meszaros-Csonka, David"]
[Black "Gaal, Zsoka"]
[Result "0-1"]
[WhiteElo "2014"]
[BlackElo "2374"]
[PlyCount "164"]
[EventDate "2023.10.28"]
[EventType "team-tourn"]
[EventRounds "9"]
[EventCountry "HUN"]
[Source "chess.hu"]
[WhiteTeam "Duocor-Makoi SVSE"]
[BlackTeam "Sentimento Ajka BSK"]
[WhiteTeamCountry "HUN"]
[BlackTeamCountry "HUN"]

1. d4 Nf6 2. Bf4 g6 3. Nc3 d5 4. e3 Bg7 5. h4 h5 6. Nb5 Na6 7. Nf3 O-O 8. Be2
c6 9. Nc3 Bf5 10. Bxa6 bxa6 11. Ne5 Rc8 12. Na4 Nd7 13. Nxd7 Bxd7 14. c3 e5 15.
Bg3 exd4 16. cxd4 Qa5+ 17. Kf1 Bg4 18. Qb3 Rfe8 19. Nc5 Bf8 20. Rc1 Qd2 21. Qc2
Qb4 22. Qb3 Qd2 23. Qc2 Qb4 24. Qb3 a5 25. Kg1 Be2 26. Qc2 Bxc5 27. dxc5 Bg4
28. a3 Qb5 29. Qc3 Bf5 30. Kh2 Re4 31. f3 Re6 32. b4 Rce8 33. Bf4 Qe2 34. Rhe1
Qd3 35. Qxd3 Bxd3 36. Red1 Ba6 37. bxa5 f6 38. Kg1 Kf7 39. Kf2 Rg8 40. Rb1 g5
41. Bg3 Rge8 42. Rb3 Kg6 43. Rc3 Bb5 44. Rb1 Rg8 45. Rb4 Kf7 46. a4 Ba6 47. Rb8
Rxb8 48. Bxb8 Re7 49. Rb3 gxh4 50. Bd6 Rb7 51. Rxb7+ Bxb7 52. Bb8 a6 53. e4
dxe4 54. fxe4 Bc8 55. e5 fxe5 56. Bxe5 Ke6 57. Bd6 Kd5 58. Ke3 Kc4 59. Kf4 h3
60. gxh3 Bxh3 61. Kg5 Bg4 62. Kf6 Kb4 63. Bc7 Kxc5 64. Ke5 h4 65. Bd6+ Kc4 66.
Kf4 Be6 67. Ke3 h3 68. Bc7 c5 69. Kd2 Kb3 70. Kc1 c4 71. Kb1 c3 72. Kc1 c2 73.
Be5 Bf5 74. Bc7 Kxa4 75. Kd2 Kb5 76. Kc1 Kc4 77. Kd2 Bd3 78. Bf4 Kd5 79. Kc1
Ke4 80. Bc7 Kf3 81. Kd2 Bh7 82. Bd6 Kg2 0-1

[Event "Szuperliga - GM Szabo Laszlo"]
[Site "Biatorbagy"]
[Date "2024.05.11"]
[Round "8.1"]
[White "Ostovic, Matija"]
[Black "Mazur, Stefan"]
[Result "0-1"]
[WhiteElo "2384"]
[BlackElo "2444"]
[PlyCount "80"]
[EventDate "2023.10.28"]
[EventType "team-tourn"]
[EventRounds "9"]
[EventCountry "HUN"]
[Source "chess.hu"]
[WhiteTeam "Tapolca Varosi VSE"]
[BlackTeam "Viadukt Biatorbagy"]
[WhiteTeamCountry "HUN"]
[BlackTeamCountry "HUN"]

1. d4 Nf6 2. c4 g6 3. g3 Bg7 4. Bg2 O-O 5. Nc3 d6 6. Nf3 Nc6 7. d5 Na5 8. Qd3
c5 9. O-O a6 10. e4 Rb8 11. e5 Ng4 12. exd6 exd6 13. Bg5 Bf6 14. Bxf6 Nxf6 15.
Qd2 Nxc4 16. Qh6 Ng4 17. Qf4 Nxb2 18. Ne4 Nd3 19. Qxd6 Qxd6 20. Nxd6 Rd8 21.
Ne4 Bf5 22. Nc3 b5 23. h3 Nf6 24. g4 b4 25. gxf5 bxc3 26. Rad1 Nf4 27. d6 Ne2+
28. Kh2 c2 29. Rde1 c1=Q 30. Rxc1 Nxc1 31. Rxc1 Rxd6 32. Rxc5 Rb2 33. Ne5 Rxf2
34. Nc4 Rd3 35. Rc6 Nh5 36. Kg1 Rxf5 37. Rxa6 Nf4 38. Be4 Ne2+ 39. Kh2 Rf2+ 40.
Bg2 Nf4 0-1

[Event "Szuperliga - GM Szabo Laszlo"]
[Site "Biatorbagy"]
[Date "2024.05.11"]
[Round "8.2"]
[White "Sipos, Istvan"]
[Black "Cop, Tomislav"]
[Result "1/2-1/2"]
[WhiteElo "2449"]
[BlackElo "2308"]
[PlyCount "84"]
[EventDate "2023.10.28"]
[EventType "team-tourn"]
[EventRounds "9"]
[EventCountry "HUN"]
[Source "chess.hu"]
[WhiteTeam "Viadukt Biatorbagy"]
[BlackTeam "Tapolca Varosi VSE"]
[WhiteTeamCountry "HUN"]
[BlackTeamCountry "HUN"]

1. e4 c6 2. Nc3 d5 3. Nf3 Bg4 4. h3 Bxf3 5. Qxf3 e6 6. Be2 Ne7 7. O-O Ng6 8. d4
Be7 9. g3 O-O 10. Rd1 Nd7 11. h4 e5 12. exd5 exd4 13. Rxd4 Qb6 14. Rd1 Rad8 15.
Rb1 f5 16. d6 Bxd6 17. Be3 Qc7 18. Nb5 Nde5 19. Nxc7 Nxf3+ 20. Bxf3 Bxc7 21.
Kg2 a6 22. Bg5 Rxd1 23. Rxd1 h6 24. Be3 Rd8 25. Rxd8+ Bxd8 26. Be2 Bf6 27. b3
Ne7 28. Bc4+ Nd5 29. Kf3 Kf7 30. Bc5 h5 31. Bxd5+ cxd5 32. Ke3 g6 33. Kd3 Ke6
34. Bd4 Be7 35. Ke3 Bd6 36. Kf3 Bc7 37. a4 Bd6 38. Be3 Bc7 39. Bf4 Bb6 40. Ke2
Bd4 41. Be3 Be5 42. Kf3 Bd6 1/2-1/2

[Event "Szuperliga - GM Szabo Laszlo"]
[Site "Biatorbagy"]
[Date "2024.05.11"]
[Round "8.3"]
[White "Buzas, Bertalan"]
[Black "Bokros, Albert"]
[Result "1/2-1/2"]
[WhiteElo "2277"]
[BlackElo "2412"]
[PlyCount "75"]
[EventDate "2023.10.28"]
[EventType "team-tourn"]
[EventRounds "9"]
[EventCountry "HUN"]
[Source "chess.hu"]
[WhiteTeam "Tapolca Varosi VSE"]
[BlackTeam "Viadukt Biatorbagy"]
[WhiteTeamCountry "HUN"]
[BlackTeamCountry "HUN"]

1. d4 e6 2. e4 d5 3. Nc3 Nf6 4. e5 Nfd7 5. f4 c5 6. Nf3 Nc6 7. Be3 a6 8. Qd2 b5
9. dxc5 Bxc5 10. Bd3 Bxe3 11. Qxe3 Qb6 12. Qxb6 Nxb6 13. Ne2 Bd7 14. Ned4 Nb4
15. a3 Nxd3+ 16. cxd3 Ke7 17. Kd2 Rhc8 18. Rhc1 f6 19. Rxc8 Rxc8 20. Rc1 Rxc1
21. Kxc1 h6 22. Kd2 Be8 23. h3 g5 24. g3 gxf4 25. gxf4 fxe5 26. Nxe5 Na4 27. b3
Nc5 28. b4 Nb7 29. Nb3 Nd6 30. Nc5 Nf5 31. Nxa6 Kd6 32. Nc5 Nd4 33. Ng4 h5 34.
Ne5 h4 35. Ke3 Nc2+ 36. Kd2 Nd4 37. Ke3 Nc2+ 38. Kd2 1/2-1/2

[Event "Szuperliga - GM Szabo Laszlo"]
[Site "Biatorbagy"]
[Date "2024.05.11"]
[Round "8.4"]
[White "Bagi, Mate"]
[Black "Istvandi, Lajos"]
[Result "1-0"]
[WhiteElo "2425"]
[BlackElo "2229"]
[PlyCount "57"]
[EventDate "2023.10.28"]
[EventType "team-tourn"]
[EventRounds "9"]
[EventCountry "HUN"]
[Source "chess.hu"]
[WhiteTeam "Viadukt Biatorbagy"]
[BlackTeam "Tapolca Varosi VSE"]
[WhiteTeamCountry "HUN"]
[BlackTeamCountry "HUN"]

1. e4 Nf6 2. e5 Nd5 3. d4 d6 4. c4 Nb6 5. exd6 exd6 6. Nc3 Be7 7. Bd3 Nc6 8.
Nge2 Bg4 9. Be3 O-O 10. O-O d5 11. c5 Nc4 12. Bxc4 dxc4 13. Qa4 Bg5 14. Qxc4
Re8 15. Rae1 Na5 16. Qd3 b6 17. b4 Nc6 18. Qc4 bxc5 19. Qxc5 Rxe3 20. fxe3
Bxe3+ 21. Kh1 Ne7 22. Ng3 Bxd4 23. Qxe7 Bxc3 24. Qxf7+ Kh8 25. Re4 Bd1 26. Re7
Ba4 27. Rxc7 Be5 28. Rxa7 h6 29. Rxa8 1-0

[Event "Szuperliga - GM Szabo Laszlo"]
[Site "Biatorbagy"]
[Date "2024.05.11"]
[Round "8.5"]
[White "Kassay, Krisztian"]
[Black "Torma, Robert"]
[Result "0-1"]
[WhiteElo "2096"]
[BlackElo "2415"]
[PlyCount "52"]
[EventDate "2023.10.28"]
[EventType "team-tourn"]
[EventRounds "9"]
[EventCountry "HUN"]
[Source "chess.hu"]
[WhiteTeam "Tapolca Varosi VSE"]
[BlackTeam "Viadukt Biatorbagy"]
[WhiteTeamCountry "HUN"]
[BlackTeamCountry "HUN"]

1. c4 e5 2. e3 Nf6 3. b3 Nc6 4. Bb2 d5 5. cxd5 Nxd5 6. a3 Bd6 7. Be2 O-O 8. d3
Qe7 9. Nf3 Kh8 10. Nbd2 f5 11. Qc2 Bd7 12. O-O Rae8 13. Rfd1 Rf6 14. Nf1 Rh6
15. b4 a6 16. Ng3 f4 17. exf4 Nxf4 18. Bf1 Bg4 19. Be2 Rf8 20. Re1 Nxe2+ 21.
Qxe2 Bxf3 22. gxf3 Qh4 23. Nf1 e4 24. Qxe4 Bxh2+ 25. Nxh2 Qxh2+ 26. Kf1 Qh3+
0-1

[Event "Szuperliga - GM Szabo Laszlo"]
[Site "Biatorbagy"]
[Date "2024.05.11"]
[Round "8.6"]
[White "Vanczak, Tamas"]
[Black "Nagy, Zoltan"]
[Result "1-0"]
[WhiteElo "2412"]
[BlackElo "2109"]
[PlyCount "59"]
[EventDate "2023.10.28"]
[EventType "team-tourn"]
[EventRounds "9"]
[EventCountry "HUN"]
[Source "chess.hu"]
[WhiteTeam "Viadukt Biatorbagy"]
[BlackTeam "Tapolca Varosi VSE"]
[WhiteTeamCountry "HUN"]
[BlackTeamCountry "HUN"]

1. e4 c5 2. Nf3 d6 3. d4 cxd4 4. Nxd4 Nf6 5. Nc3 a6 6. h3 e5 7. Nf3 Qc7 8. g4
h6 9. Rg1 b5 10. g5 hxg5 11. Nxg5 Bb7 12. Be3 Nbd7 13. Qf3 Nb6 14. Bxb6 Qxb6
15. Nd5 Bxd5 16. exd5 Rh4 17. O-O-O Rc8 18. Qf5 Rc7 19. Re1 Qc5 20. Bd3 Qxd5
21. f4 Qxa2 22. fxe5 dxe5 23. Qxe5+ Kd8 24. Bf5 Qa1+ 25. Kd2 Qa5+ 26. c3 Qb6
27. Kc1 Re7 28. Nxf7+ Rxf7 29. Rd1+ Nd7 30. Rge1 1-0

[Event "Szuperliga - GM Szabo Laszlo"]
[Site "Biatorbagy"]
[Date "2024.05.11"]
[Round "8.7"]
[White "Juhasz, Judit"]
[Black "Pribelszky, Bence"]
[Result "0-1"]
[WhiteElo "2015"]
[BlackElo "2363"]
[PlyCount "70"]
[EventDate "2023.10.28"]
[EventType "team-tourn"]
[EventRounds "9"]
[EventCountry "HUN"]
[Source "chess.hu"]
[WhiteTeam "Tapolca Varosi VSE"]
[BlackTeam "Viadukt Biatorbagy"]
[WhiteTeamCountry "HUN"]
[BlackTeamCountry "HUN"]

1. e4 g6 2. d4 Bg7 3. Nc3 a6 4. Be3 b5 5. Qd2 Bb7 6. f3 d6 7. h4 h6 8. h5 g5 9.
O-O-O Nd7 10. a3 Rc8 11. Kb1 c5 12. Nge2 e6 13. Ng3 Ne7 14. Be2 cxd4 15. Bxd4
Ne5 16. Qe3 Qc7 17. Rd2 N7c6 18. Bb6 Qb8 19. Rhd1 Nd7 20. Qf2 Nxb6 21. Qxb6 O-O
22. Na2 Qc7 23. Qf2 Be5 24. Nf1 Ne7 25. g3 d5 26. Bd3 dxe4 27. fxe4 Kg7 28.
Bxb5 axb5 29. Rd7 Rfd8 30. Rxc7 Rxd1+ 31. Nc1 Rxc7 32. Ne3 Rd4 33. Nd3 Rxe4 34.
c3 Bf6 35. Kc2 Bd4 0-1

[Event "Szuperliga - GM Szabo Laszlo"]
[Site "Biatorbagy"]
[Date "2024.05.11"]
[Round "8.8"]
[White "Szeberenyi, Adam"]
[Black "Marton, Jozsef"]
[Result "1-0"]
[WhiteElo "2254"]
[BlackElo "2014"]
[PlyCount "53"]
[EventDate "2023.10.28"]
[EventType "team-tourn"]
[EventRounds "9"]
[EventCountry "HUN"]
[Source "chess.hu"]
[WhiteTeam "Viadukt Biatorbagy"]
[BlackTeam "Tapolca Varosi VSE"]
[WhiteTeamCountry "HUN"]
[BlackTeamCountry "HUN"]

1. d4 d5 2. c4 e6 3. Nf3 Nf6 4. Nc3 Be7 5. Bg5 O-O 6. e3 h6 7. Bh4 b6 8. Qb3
Bb7 9. Bxf6 Bxf6 10. cxd5 exd5 11. Be2 c6 12. O-O Nd7 13. Rfe1 Be7 14. Rad1 Nf6
15. Ne5 Bd6 16. f4 Qe7 17. Bf3 Rac8 18. e4 Bxe5 19. dxe5 Nxe4 20. Bxe4 dxe4 21.
Nxe4 Rcd8 22. Nd6 c5 23. e6 Rxd6 24. exf7+ Qxf7 25. Qxf7+ Rxf7 26. Rxd6 Rxf4
27. Rd7 1-0

[Event "Szuperliga - GM Szabo Laszlo"]
[Site "Biatorbagy"]
[Date "2024.05.11"]
[Round "8.9"]
[White "Alexandrova, Angelina"]
[Black "Szikszai, Bertalan"]
[Result "0-1"]
[WhiteElo "1832"]
[BlackElo "2278"]
[PlyCount "74"]
[EventDate "2023.10.28"]
[EventType "team-tourn"]
[EventRounds "9"]
[EventCountry "HUN"]
[Source "chess.hu"]
[WhiteTeam "Tapolca Varosi VSE"]
[BlackTeam "Viadukt Biatorbagy"]
[WhiteTeamCountry "HUN"]
[BlackTeamCountry "HUN"]

1. e4 c5 2. c3 d5 3. exd5 Qxd5 4. d4 Nc6 5. Nf3 Bf5 6. Be3 cxd4 7. Nxd4 Nf6 8.
Nxf5 Qxf5 9. Bd3 Qd5 10. O-O O-O-O 11. Be2 Qxd1 12. Rxd1 Rxd1+ 13. Bxd1 Nd5 14.
Bg5 h6 15. Bh4 g5 16. Bg3 f5 17. h4 f4 18. Bh2 e5 19. Nd2 Nf6 20. Bf3 Bc5 21.
Re1 Rd8 22. Nc4 e4 23. b4 exf3 24. bxc5 Rd5 25. Nd6+ Kd7 26. Nxb7 fxg2 27. Kxg2
Ng4 28. hxg5 hxg5 29. Bg1 Nce5 30. f3 Rd2+ 31. Kh3 Rd3 32. Rf1 Ne3 33. Bxe3
fxe3 34. Kg2 Rd2+ 35. Kg3 e2 36. Re1 Nd3 37. c6+ Kc7 0-1

[Event "Szuperliga - GM Szabo Laszlo"]
[Site "Biatorbagy"]
[Date "2024.05.11"]
[Round "8.10"]
[White "Toth-Goczo, Melinda"]
[Black "Toth, Barnabas"]
[Result "1/2-1/2"]
[WhiteElo "2183"]
[BlackElo "1959"]
[PlyCount "52"]
[EventDate "2023.10.28"]
[EventType "team-tourn"]
[EventRounds "9"]
[EventCountry "HUN"]
[Source "chess.hu"]
[WhiteTeam "Viadukt Biatorbagy"]
[BlackTeam "Tapolca Varosi VSE"]
[WhiteTeamCountry "HUN"]
[BlackTeamCountry "HUN"]

1. d4 Nf6 2. c4 g6 3. Nf3 Bg7 4. g3 c6 5. Bg2 d5 6. O-O O-O 7. Ne5 e6 8. Nc3
Nfd7 9. Nf3 dxc4 10. a4 e5 11. dxe5 Nxe5 12. Qxd8 Rxd8 13. Bg5 Nxf3+ 14. Bxf3
f6 15. Rfd1 Rxd1+ 16. Rxd1 Nd7 17. Bf4 Nc5 18. Be3 Bf8 19. Bxc5 Bxc5 20. Rd8+
Kg7 21. a5 Be7 22. Re8 Kf7 23. Rh8 Kg7 24. Re8 Kf7 25. Rh8 Kg7 26. Re8 Kf7
1/2-1/2

[Event "Szuperliga - GM Szabo Laszlo"]
[Site "Budapest"]
[Date "2024.05.11"]
[Round "8.1"]
[White "Eljanov, Pavel"]
[Black "Samunenkov, Ihor"]
[Result "1/2-1/2"]
[WhiteElo "2676"]
[BlackElo "2547"]
[PlyCount "73"]
[EventDate "2023.10.28"]
[EventType "team-tourn"]
[EventRounds "9"]
[EventCountry "HUN"]
[Source "chess.hu"]
[WhiteTeam "Tuxera ANSK"]
[BlackTeam "Aquarena Kobanya SC"]
[WhiteTeamCountry "HUN"]
[BlackTeamCountry "HUN"]

1. d4 d5 2. c4 e6 3. Nc3 a6 4. cxd5 exd5 5. Nf3 Nf6 6. Bg5 Be6 7. e3 Nbd7 8. h3
Bd6 9. Bd3 c6 10. O-O Qc7 11. Qd2 O-O 12. Rac1 Rfe8 13. Bf4 Bxf4 14. exf4 Ne4
15. Nxe4 dxe4 16. Bxe4 Bxa2 17. Ne5 Nf6 18. Bc2 Bd5 19. Rfe1 Nd7 20. Qd3 Nf8
21. f5 Nd7 22. Qc3 Re7 23. Re3 Rae8 24. Rce1 Qd6 25. g4 f6 26. Nc4 Rxe3 27.
Nxe3 Bf7 28. Bb3 Qf8 29. Nc4 Rxe1+ 30. Qxe1 c5 31. Na5 cxd4 32. Qe4 Ne5 33.
Qxb7 d3 34. Bxf7+ Qxf7 35. Qa8+ Qf8 36. Qd5+ Qf7 37. Qa8+ 1/2-1/2

[Event "Szuperliga - GM Szabo Laszlo"]
[Site "Budapest"]
[Date "2024.05.11"]
[Round "8.2"]
[White "Nagy, Gabor"]
[Black "Volokitin, Andrei"]
[Result "1/2-1/2"]
[WhiteElo "2433"]
[BlackElo "2667"]
[PlyCount "74"]
[EventDate "2023.10.28"]
[EventType "team-tourn"]
[EventRounds "9"]
[EventCountry "HUN"]
[Source "chess.hu"]
[WhiteTeam "Aquarena Kobanya SC"]
[BlackTeam "Tuxera ANSK"]
[WhiteTeamCountry "HUN"]
[BlackTeamCountry "HUN"]

1. d4 Nf6 2. c4 e6 3. Nc3 Bb4 4. e3 O-O 5. Bd3 d5 6. Nf3 dxc4 7. Bxc4 c5 8. O-O
Nc6 9. Qd3 Na5 10. dxc5 Qe7 11. Bd2 Rd8 12. Qe2 Nxc4 13. Qxc4 Bxc5 14. e4 e5
15. Bg5 Be6 16. Nd5 Bxd5 17. exd5 Rac8 18. Qb3 h6 19. Bxf6 Qxf6 20. Rae1 Qb6
21. Rxe5 f6 22. Qxb6 Bxb6 23. Re2 Rxd5 24. g3 Kf7 25. Kg2 h5 26. h4 Rc7 27. Rb1
Rdc5 28. Rd1 Rc2 29. Rdd2 Rxd2 30. Rxd2 Ke6 31. Re2+ Kf5 32. Rd2 Ke6 33. Re2+
Kf5 34. Rd2 Rc4 35. b3 Re4 36. Kf1 Re7 37. Nd4+ Bxd4 1/2-1/2

[Event "Szuperliga - GM Szabo Laszlo"]
[Site "Budapest"]
[Date "2024.05.11"]
[Round "8.3"]
[White "Gledura, Benjamin"]
[Black "Nenezic, Marko"]
[Result "1-0"]
[WhiteElo "2619"]
[BlackElo "2496"]
[PlyCount "73"]
[EventDate "2023.10.28"]
[EventType "team-tourn"]
[EventRounds "9"]
[EventCountry "HUN"]
[Source "chess.hu"]
[WhiteTeam "Tuxera ANSK"]
[BlackTeam "Aquarena Kobanya SC"]
[WhiteTeamCountry "HUN"]
[BlackTeamCountry "HUN"]

1. d4 Nf6 2. Nf3 g6 3. Nbd2 d5 4. e3 Bg7 5. c4 O-O 6. b4 a5 7. b5 c5 8. bxc6
bxc6 9. Ba3 Na6 10. Be2 Nb4 11. O-O Bf5 12. Ne5 c5 13. Ndf3 Ne4 14. Bb2 cxd4
15. Bxd4 dxc4 16. Bxc4 Nd6 17. Bb3 Nb5 18. a3 Nxd4 19. exd4 Na6 20. Re1 Qd6 21.
Nxf7 Rxf7 22. Bxf7+ Kxf7 23. Qb3+ Ke8 24. Qg8+ Bf8 25. Ne5 Qe6 26. Qxh7 Rc8 27.
Rac1 Rxc1 28. Rxc1 Nb8 29. h3 Kd8 30. Rc5 Qf6 31. Qg8 Be6 32. Qxg6 Qxg6 33.
Nxg6 Bg7 34. Nf4 Bd7 35. d5 Bf6 36. Ne6+ Bxe6 37. dxe6 1-0

[Event "Szuperliga - GM Szabo Laszlo"]
[Site "Budapest"]
[Date "2024.05.11"]
[Round "8.4"]
[White "Pap, Gyula"]
[Black "Kantor, Gergely"]
[Result "1/2-1/2"]
[WhiteElo "2475"]
[BlackElo "2527"]
[PlyCount "84"]
[EventDate "2023.10.28"]
[EventType "team-tourn"]
[EventRounds "9"]
[EventCountry "HUN"]
[Source "chess.hu"]
[WhiteTeam "Aquarena Kobanya SC"]
[BlackTeam "Tuxera ANSK"]
[WhiteTeamCountry "HUN"]
[BlackTeamCountry "HUN"]

1. e4 e5 2. Nf3 Nc6 3. Nc3 Nf6 4. Bb5 Nd4 5. Nxd4 exd4 6. e5 dxc3 7. exf6 Qxf6
8. dxc3 Qe5+ 9. Qe2 Qxe2+ 10. Kxe2 c6 11. Bd3 d5 12. Be3 Be6 13. Rhe1 Bd6 14.
h3 O-O 15. Kf3 Rfe8 16. Bf4 Bc5 17. Be3 Bd6 18. Bf4 Bc5 19. Be3 Bf8 20. g4 a6
21. b4 a5 22. a3 b5 23. Kg2 Bd6 24. Bb6 a4 25. Re3 Bf4 26. Re2 Bd7 27. Kf3 Rxe2
28. Bxe2 Bd2 29. Bd4 f5 30. Rd1 fxg4+ 31. hxg4 Rf8+ 32. Kg2 Bf4 33. f3 Re8 34.
Bd3 h6 35. Kf2 Kf7 36. Rh1 g6 37. Kg2 Bd2 38. Kf2 Bf4 39. Kg2 Bd2 40. Kf2 Bc8
41. Rd1 Bf4 42. Rh1 Bd7 1/2-1/2

[Event "Szuperliga - GM Szabo Laszlo"]
[Site "Budapest"]
[Date "2024.05.11"]
[Round "8.5"]
[White "Antal, Gergely"]
[Black "Berczes, David"]
[Result "1/2-1/2"]
[WhiteElo "2586"]
[BlackElo "2425"]
[PlyCount "64"]
[EventDate "2023.10.28"]
[EventType "team-tourn"]
[EventRounds "9"]
[EventCountry "HUN"]
[Source "chess.hu"]
[WhiteTeam "Tuxera ANSK"]
[BlackTeam "Aquarena Kobanya SC"]
[WhiteTeamCountry "HUN"]
[BlackTeamCountry "HUN"]

1. e4 c5 2. Nf3 e6 3. c3 d5 4. exd5 Qxd5 5. d4 Nf6 6. Na3 Nc6 7. Be3 cxd4 8.
Nb5 Qd7 9. Nbxd4 Be7 10. Bb5 Qc7 11. Qa4 Bd7 12. Nxc6 bxc6 13. Bd3 Nd5 14. Bd2
Rb8 15. Qc2 c5 16. b3 Bc6 17. O-O Nf6 18. Ne1 Rd8 19. h3 h5 20. Be3 Qe5 21. Qc1
Nd5 22. Bd2 Qc7 23. c4 Nf6 24. Bf4 Bd6 25. Bxd6 Qxd6 26. Qe3 Qd4 27. Qxd4 Rxd4
28. Be2 Rd2 29. Bf3 Ne4 30. Bxe4 Bxe4 31. f3 Bh7 32. Rf2 Rd6 1/2-1/2

[Event "Szuperliga - GM Szabo Laszlo"]
[Site "Budapest"]
[Date "2024.05.11"]
[Round "8.6"]
[White "Karacsonyi, Gellert"]
[Black "Markus, Robert"]
[Result "0-1"]
[WhiteElo "2389"]
[BlackElo "2588"]
[PlyCount "84"]
[EventDate "2023.10.28"]
[EventType "team-tourn"]
[EventRounds "9"]
[EventCountry "HUN"]
[Source "chess.hu"]
[WhiteTeam "Aquarena Kobanya SC"]
[BlackTeam "Tuxera ANSK"]
[WhiteTeamCountry "HUN"]
[BlackTeamCountry "HUN"]

1. e4 d6 2. d4 Nf6 3. Nc3 e5 4. dxe5 dxe5 5. Qxd8+ Kxd8 6. Bc4 Ke8 7. f4 Bb4 8.
Bd3 Nbd7 9. Nf3 Nc5 10. O-O exf4 11. Bxf4 c6 12. a3 Nxd3 13. cxd3 Be7 14. Kh1
Be6 15. Nd4 Rd8 16. Nxe6 fxe6 17. Rad1 Rf8 18. Be3 c5 19. d4 cxd4 20. Bxd4 a6
21. Bb6 Rxd1 22. Rxd1 Ng4 23. Kg1 Rf7 24. Bd4 Bg5 25. Bc5 Ne3 26. Re1 Nc4 27.
Re2 Bf6 28. Na4 b5 29. b3 Na5 30. e5 Bd8 31. b4 Nb7 32. Nc3 Nxc5 33. bxc5 Bc7
34. Re4 Kd7 35. a4 Kc6 36. axb5+ axb5 37. Ne2 Kxc5 38. Nf4 Bb6 39. h4 Re7 40.
Kh2 Ba5 41. Nd3+ Kd5 42. Re2 Kd4 0-1

[Event "Szuperliga - GM Szabo Laszlo"]
[Site "Budapest"]
[Date "2024.05.11"]
[Round "8.7"]
[White "Medvegy, Zoltan"]
[Black "Szabo, Bence"]
[Result "1/2-1/2"]
[WhiteElo "2508"]
[BlackElo "2337"]
[PlyCount "65"]
[EventDate "2023.10.28"]
[EventType "team-tourn"]
[EventRounds "9"]
[EventCountry "HUN"]
[Source "chess.hu"]
[WhiteTeam "Tuxera ANSK"]
[BlackTeam "Aquarena Kobanya SC"]
[WhiteTeamCountry "HUN"]
[BlackTeamCountry "HUN"]

1. c4 Nf6 2. Nc3 d5 3. cxd5 Nxd5 4. Nf3 g6 5. h4 Nxc3 6. bxc3 h5 7. Ng5 Bg7 8.
e3 Nd7 9. d4 O-O 10. Bd3 Nf6 11. Ba3 Re8 12. O-O b6 13. Qf3 Rb8 14. e4 Bb7 15.
Bc4 e6 16. Bb5 c6 17. Ba4 Bf8 18. Bxf8 Rxf8 19. e5 Nh7 20. Nxh7 Kxh7 21. Bxc6
Bxc6 22. Qxc6 Rc8 23. Qf3 Qxh4 24. a4 Rc7 25. Rfb1 Rfc8 26. a5 Qg4 27. Qxg4
hxg4 28. axb6 axb6 29. Rxb6 Rxc3 30. Ra7 R8c7 31. Rbb7 Rxb7 32. Rxb7 Kg8 33.
Rb8+ 1/2-1/2